| 000 | 00368nam a2200145Ia 4500 | ||
|---|---|---|---|
| 008 | 151213s9999 xx 000 0 und d | ||
| 100 | _aD.H.Laurence | ||
| 245 |
_aThe Ladybird _cD.H.Laurence |
||
| 260 |
_aLondon _bPenguing Books _c1923 |
||
| 300 | _a8855 p. | ||
| 650 | _aEnglish Literature | ||
| 650 | _aEnglish Literature | ||
| 700 | _aD.H.Laurence | ||
| 999 |
_c4640 _d4640 |
||